[Event "NK Jeugd A meisjes"]
[Site "Venlo"]
[Date "2009.04.24"]
[Round "1"]
[White "Ferrier, Yvonne"]
[Black "Braggaar, Leonore"]
[Result "1/2-1/2"]
[WhiteElo "1843"]
[BlackElo "2030"]
[PlyCount "61"]
[EventDate "2009.04.24"]
[EventType "tourn"]
[EventRounds "9"]
[EventCountry "NED"]
[SourceDate "2009.04.25"]

1. e4 e5 2. Nf3 Nc6 3. Bb5 a6 4. Ba4 Nf6 5. O-O Be7 6. Re1 b5 7. Bb3 O-O 8. c3
d6 9. h3 Na5 10. Bc2 c5 11. d4 Qc7 12. Nbd2 Nc6 13. Nb3 cxd4 14. cxd4 a5 15.
Be3 a4 16. Nbd2 Bd7 17. Rc1 Qb7 18. Bb1 Rac8 19. Qe2 Rc7 20. Rc3 Rfc8 21. Rec1
Ne8 22. a3 Bf6 23. dxe5 Nxe5 24. Nxe5 Bxe5 25. Rxc7 Rxc7 26. Rxc7 Nxc7 27. Nf3
Ne6 28. Nxe5 dxe5 29. Qd2 Qc7 30. Ba2 h6 31. Bxe6 1/2-1/2

[Event "NK Jeugd A meisjes"]
[Site "Venlo"]
[Date "2009.04.24"]
[Round "1"]
[White "Van Nies, Pauline"]
[Black "Munnik, Talitha"]
[Result "1/2-1/2"]
[WhiteElo "2143"]
[BlackElo "2056"]
[PlyCount "122"]
[EventDate "2009.04.24"]
[EventType "tourn"]
[EventRounds "9"]
[EventCountry "NED"]
[SourceDate "2009.04.25"]

1. e4 c5 2. Nf3 d6 3. d4 cxd4 4. Nxd4 Nf6 5. Nc3 a6 6. Be2 e6 7. O-O Be7 8. Kh1
O-O 9. f4 Qc7 10. Qe1 Bd7 11. Qg3 Nc6 12. Be3 b5 13. e5 Ne8 14. Bd3 f5 15. Nxc6
Bxc6 16. Bd4 b4 17. Ne2 Qb7 18. Bc4 d5 19. Bd3 Bb5 20. Bg1 Bxd3 21. Qxd3 Qd7
22. a3 bxa3 23. bxa3 Nc7 24. Rab1 Rfb8 25. h3 Qa4 26. Qc3 Rc8 27. Qb3 Qxa3 28.
Qb6 Kf7 29. Nd4 Bc5 30. Qc6 Bxd4 31. Bxd4 Nb5 32. Qb7+ Qe7 33. Qxe7+ Kxe7 34.
c3 Rc4 35. Rfd1 Rac8 36. Rd3 Nxd4 37. cxd4 Rc1+ 38. Rxc1 Rxc1+ 39. Kh2 Kd7 40.
Ra3 Rc6 41. g4 g6 42. gxf5 gxf5 43. Kg3 Ke7 44. Kh4 Rc4 45. Rxa6 Rxd4 46. Ra7+
Ke8 47. Kg5 Rc4 48. Kf6 Rc6 49. Rxh7 d4 50. Rg7 d3 51. Rg3 d2 52. Rd3 Rc4 53.
Rxd2 Rxf4 54. Kxe6 Rh4 55. Rd3 Rh5 56. Kd6 f4 57. Ra3 Kf7 58. e6+ Kf6 59. e7
Re5 60. Rf3 Re6+ 61. Kd5 Rxe7 1/2-1/2

[Event "NK Jeugd A meisjes"]
[Site "Venlo"]
[Date "2009.04.24"]
[Round "1"]
[White "De Cloet, Jeanine"]
[Black "Dirksen, Marieke"]
[Result "1-0"]
[WhiteElo "1970"]
[BlackElo "1919"]
[PlyCount "101"]
[EventDate "2009.04.24"]
[EventType "tourn"]
[EventRounds "9"]
[EventCountry "NED"]
[SourceDate "2009.04.25"]

1. e4 c5 2. g3 d6 3. Bg2 Nc6 4. d3 g6 5. Nc3 Bg7 6. Be3 Rb8 7. Qd2 b5 8. h4 h6
9. f4 Nd4 10. Nd1 b4 11. c3 bxc3 12. bxc3 Nb5 13. Rb1 Bd7 14. Ne2 Nf6 15. e5
Ng4 16. O-O O-O 17. Nf2 Nxe3 18. Qxe3 Re8 19. h5 Nc7 20. hxg6 fxg6 21. d4 dxe5
22. dxe5 Bb5 23. Qe4 Rb6 24. Rfd1 Qa8 25. Qe3 Qc8 26. g4 Qa6 27. Rb2 Qa4 28.
Ng3 Qa3 29. Rdb1 Bc4 30. Rxb6 axb6 31. Rxb6 Qxa2 32. Qxc5 Ne6 33. Qe3 Qa7 34.
f5 Ng5 35. Qd4 e6 36. Rxe6 Qa1+ 37. Kh2 Bxe6 38. fxe6 Qa5 39. Qd7 Qd8 40. Bd5
Kf8 41. Nd3 Qe7 42. Nf4 Nf3+ 43. Bxf3 Qxd7 44. Nxg6+ Kg8 45. exd7 Rd8 46. e6
Bf6 47. Nf5 Kh7 48. Nge7 Rb8 49. Nd5 Be5+ 50. Kg2 Rb2+ 51. Kf1 1-0

[Event "NK Jeugd A meisjes"]
[Site "Venlo"]
[Date "2009.04.24"]
[Round "1"]
[White "Hortensius, Lisa"]
[Black "Harezlak, Mariko"]
[Result "1/2-1/2"]
[WhiteElo "1978"]
[BlackElo "1788"]
[PlyCount "119"]
[EventDate "2009.04.24"]
[EventType "tourn"]
[EventRounds "9"]
[EventCountry "NED"]
[SourceDate "2009.04.25"]

1. e4 c5 2. Nf3 e6 3. d4 cxd4 4. Nxd4 Nc6 5. Nc3 a6 6. Be2 Qc7 7. Be3 Nf6 8. a3
Be7 9. O-O O-O 10. f4 d6 11. Kh1 Bd7 12. Nb3 b5 13. Bf3 Rac8 14. g4 Ne8 15. Qe1
Bf6 16. g5 Bxc3 17. Qxc3 Ne7 18. Bd2 Qxc3 19. Bxc3 Ng6 20. Bg2 Nh4 21. Na5 Nxg2
22. Kxg2 f5 23. exf5 Rxf5 24. Rf2 e5 25. h4 exf4 26. Raf1 Nc7 27. Rxf4 Rxf4 28.
Rxf4 Nd5 29. Rf3 Nxc3 30. Rxc3 Rxc3 31. bxc3 Bf5 32. Kf2 Bxc2 33. Nb7 d5 34.
Nc5 a5 35. Ke3 Bb1 36. Nb7 Kf7 37. Nxa5 Ba2 38. Nc6 Ke8 39. Kd4 Kf7 40. Nb4 Bc4
41. Nxd5 Kg6 42. Ne3 Be2 43. Ke4 Kh5 44. Kf4 Kxh4 45. Nf5+ Kh3 46. Nxg7 Kg2 47.
Ke3 Kf1 48. Ne8 Bg4 49. Nd6 Bd7 50. c4 bxc4 51. Nxc4 Kg2 52. Kf4 Kh3 53. Ne5
Ba4 54. Kf5 Kh4 55. Kf6 Kh5 56. Nd3 Bc2 57. Nc5 h6 58. gxh6 Kxh6 59. a4 Bxa4
60. Nxa4 1/2-1/2

[Event "NK Jeugd A meisjes"]
[Site "Venlo"]
[Date "2009.04.24"]
[Round "1"]
[White "Brandenburg, Lucia"]
[Black "Vlaar, Shannon"]
[Result "1-0"]
[WhiteElo "1925"]
[BlackElo "1707"]
[PlyCount "115"]
[EventDate "2009.04.24"]
[EventType "tourn"]
[EventRounds "9"]
[EventCountry "NED"]
[SourceDate "2009.04.25"]

1. e4 e5 2. Nf3 Nc6 3. d4 exd4 4. Bc4 Nf6 5. Ng5 d5 6. exd5 Nxd5 7. O-O Be6 8.
Re1 Be7 9. Nxe6 fxe6 10. Qh5+ g6 11. Qf3 Qd7 12. Bh6 O-O-O 13. Nd2 Bf8 14. Bg5
Be7 15. Bxe7 Qxe7 16. Qe4 Kb8 17. Nf3 Qb4 18. Bb3 Nb6 19. Qxe6 d3 20. cxd3 Rxd3
21. Rad1 Nd4 22. Qe5 Nxf3+ 23. gxf3 Rdd8 24. Qf6 Rdf8 25. Qg7 Qf4 26. Re3 Qf6
27. Qxf6 Rxf6 28. Rde1 a6 29. Kg2 Rhf8 30. Re8+ Nc8 31. R1e7 Rxf3 32. Rxf8 Rxf8
33. Rxh7 Nd6 34. Bc2 Nf5 35. h4 Rf6 36. Rh8+ Ka7 37. Bxf5 Rxf5 38. Rh6 Rh5 39.
Rxh5 gxh5 40. Kg3 c5 41. Kf4 b5 42. Ke5 Kb6 43. f4 c4 44. f5 Kc6 45. Ke6 b4 46.
f6 c3 47. bxc3 bxc3 48. f7 Kb5 49. f8=Q Kc4 50. Qc8+ Kd3 51. Qxa6+ Kd2 52. Qa5
Kc2 53. Qxh5 Kb2 54. Qe5 Kc2 55. h5 Kd3 56. h6 c2 57. Qf5+ Kd2 58. Qxc2+ 1-0

[Event "NK Jeugd A meisjes"]
[Site "Venlo"]
[Date "2009.04.25"]
[Round "2"]
[White "Braggaar, Leonore"]
[Black "Vlaar, Shannon"]
[Result "1-0"]
[WhiteElo "2030"]
[BlackElo "1707"]
[PlyCount "63"]
[EventDate "2009.04.24"]
[EventType "tourn"]
[EventRounds "9"]
[EventCountry "NED"]
[SourceDate "2009.04.25"]

1. e4 e5 2. Nf3 Nc6 3. d4 exd4 4. Nxd4 Nf6 5. Nxc6 bxc6 6. e5 Nd5 7. c4 Nb6 8.
Bd3 d5 9. Qf3 Qh4 10. cxd5 Bb4+ 11. Nd2 cxd5 12. Bb5+ Ke7 13. O-O Qg4 14. Bc6
Rb8 15. Qb3 Ba6 16. h3 Qd4 17. Nf3 Qe4 18. Rd1 Bc5 19. Bg5+ Ke6 20. Qc3 Qc4 21.
Qd2 Qe4 22. Qa5 Be2 23. Qxc5 Bxd1 24. Rxd1 f6 25. exf6 gxf6 26. Re1 Qxe1+ 27.
Nxe1 fxg5 28. Nf3 h6 29. Qe3+ Kd6 30. Nd4 Nc4 31. Qe6+ Kc5 32. Qxd5+ 1-0

[Event "NK Jeugd A meisjes"]
[Site "Venlo"]
[Date "2009.04.25"]
[Round "2"]
[White "Harezlak, Mariko"]
[Black "Brandenburg, Lucia"]
[Result "1/2-1/2"]
[WhiteElo "1788"]
[BlackElo "1925"]
[PlyCount "78"]
[EventDate "2009.04.24"]
[EventType "tourn"]
[EventRounds "9"]
[EventCountry "NED"]
[SourceDate "2009.04.25"]

1. d4 Nf6 2. c4 c5 3. d5 b5 4. cxb5 a6 5. b6 e6 6. Nc3 Nxd5 7. Nxd5 exd5 8.
Qxd5 Nc6 9. Nf3 Rb8 10. e4 Be7 11. Bc4 O-O 12. O-O Rxb6 13. b3 d6 14. Bb2 Be6
15. Qd3 Qc7 16. Nd2 Ne5 17. Qg3 Ng6 18. f4 Bh4 19. Qf3 Bxc4 20. Nxc4 Rbb8 21.
Qg4 Qe7 22. f5 Ne5 23. Bxe5 dxe5 24. Ne3 Qg5 25. Qxg5 Bxg5 26. Nc4 Bf6 27. Rad1
Rfd8 28. Kf2 Rd4 29. Rxd4 cxd4 30. Rc1 Rc8 31. Ke2 Be7 32. Kd3 f6 33. Rc2 Bb4
34. Nb6 Rxc2 35. Kxc2 Kf7 36. Nd5 Bd6 37. b4 Ke8 38. a4 h5 39. Kb3 Kd7 1/2-1/2

[Event "NK Jeugd A meisjes"]
[Site "Venlo"]
[Date "2009.04.25"]
[Round "2"]
[White "Munnik, Talitha"]
[Black "De Cloet, Jeanine"]
[Result "1/2-1/2"]
[WhiteElo "2056"]
[BlackElo "1970"]
[PlyCount "58"]
[EventDate "2009.04.24"]
[EventType "tourn"]
[EventRounds "9"]
[EventCountry "NED"]
[SourceDate "2009.04.25"]

1. e4 c5 2. Nf3 e6 3. d4 cxd4 4. Nxd4 Nc6 5. c4 Qc7 6. Nc3 a6 7. Be3 Nf6 8. Rc1
Bb4 9. f3 O-O 10. Be2 Rd8 11. a3 Bxc3+ 12. Rxc3 d5 13. cxd5 exd5 14. Qc1 dxe4
15. Nxc6 bxc6 16. Rxc6 Qe5 17. O-O Bb7 18. f4 Qe8 19. Rc7 Rac8 20. Rxc8 Rxc8
21. Qd2 Nd5 22. Ba7 Qc6 23. Rd1 h6 24. Bf1 Qc7 25. g3 e3 26. Bxe3 Nxe3 27. Qxe3
Qc6 28. Kf2 Qh1 29. Be2 Qxh2+ 1/2-1/2

[Event "NK Jeugd A meisjes"]
[Site "Venlo"]
[Date "2009.04.25"]
[Round "2"]
[White "Ferrier, Yvonne"]
[Black "Van Nies, Pauline"]
[Result "1-0"]
[WhiteElo "1843"]
[BlackElo "2143"]
[PlyCount "107"]
[EventDate "2009.04.24"]
[EventType "tourn"]
[EventRounds "9"]
[EventCountry "NED"]
[SourceDate "2009.04.25"]

1. e4 c5 2. Nf3 a6 3. d4 cxd4 4. Nxd4 e5 5. Nf3 Nf6 6. Nc3 Bb4 7. Bd2 O-O 8.
Bc4 Bxc3 9. Bxc3 Nxe4 10. Bxe5 d6 11. Bd4 d5 12. Bd3 Nc6 13. O-O Nxd4 14. Nxd4
Qb6 15. Nb3 Bf5 16. c3 Rfe8 17. Qc2 g6 18. Nd4 Bd7 19. Qb3 Qxb3 20. Nxb3 Rac8
21. Rfe1 Kf8 22. Kf1 Ba4 23. Nd4 Nd2+ 24. Kg1 Bd7 25. Rad1 Nc4 26. Bxc4 dxc4
27. Kf1 Re7 28. Re2 Rxe2 29. Nxe2 Ke7 30. Nf4 Bf5 31. Rd4 b5 32. Ke2 g5 33.
Nd5+ Ke6 34. Ne3 Bb1 35. a3 f5 36. f3 f4 37. Ng4 Rc5 38. Rd8 h5 39. Nf2 Re5+
40. Kd2 Bg6 41. Nh3 Ke7 42. Rg8 Kf7 43. Rd8 Bd3 44. Ng1 h4 45. Kd1 Be2+ 46.
Nxe2 a5 47. Nd4 Re3 48. Nxb5 h3 49. gxh3 Rxf3 50. Rd2 Rxh3 51. Nd6+ Kg7 52.
Nxc4 g4 53. Rg2 Rd3+ 54. Kc2 1-0

[Event "NK Jeugd A meisjes"]
[Site "Venlo"]
[Date "2009.04.26"]
[Round "3"]
[White "Van Nies, Pauline"]
[Black "Braggaar, Leonore"]
[Result "1/2-1/2"]
[WhiteElo "2143"]
[BlackElo "2030"]
[PlyCount "97"]
[EventDate "2009.04.24"]
[EventType "tourn"]
[EventRounds "9"]
[EventCountry "NED"]
[SourceDate "2009.04.25"]

1. e4 e5 2. Nf3 Nc6 3. Bb5 a6 4. Ba4 d6 5. c3 Bd7 6. O-O Nge7 7. d4 Ng6 8. Re1
Be7 9. dxe5 Ncxe5 10. Nxe5 Nxe5 11. f4 Bxa4 12. Qxa4+ Nc6 13. Nd2 O-O 14. Nf1
Bf6 15. Ne3 g6 16. Nd5 Bg7 17. Qb3 Rb8 18. Be3 Na5 19. Qa4 Nc6 20. Rad1 Ne7 21.
Qc4 Nxd5 22. Qxd5 Qc8 23. Ba7 Ra8 24. Bf2 Rb8 25. Ba7 Ra8 26. Bd4 Rb8 27. Bxg7
Kxg7 28. Qd4+ Kg8 29. h3 Qe6 30. a4 Rbe8 31. Qd5 Qxd5 32. exd5 Kg7 33. Kf2 Kf6
34. a5 h6 35. Rxe8 Rxe8 36. Rd4 g5 37. Rc4 Rc8 38. Kf3 Kg6 39. Re4 Kf6 40. Rc4
Kg6 41. h4 gxh4 42. Kg4 h5+ 43. Kxh4 Kf5 44. Kg3 Kg6 45. Kf3 Kf5 46. g3 Kf6 47.
Ke3 Kf5 48. Kf3 Kf6 49. Ke3 1/2-1/2

[Event "NK Jeugd A meisjes"]
[Site "Venlo"]
[Date "2009.04.26"]
[Round "3"]
[White "De Cloet, Jeanine"]
[Black "Ferrier, Yvonne"]
[Result "1-0"]
[WhiteElo "1970"]
[BlackElo "1843"]
[PlyCount "71"]
[EventDate "2009.04.24"]
[EventType "tourn"]
[EventRounds "9"]
[EventCountry "NED"]
[SourceDate "2009.04.25"]

1. e4 c5 2. Nc3 d6 3. g3 Nc6 4. Bg2 g6 5. d3 Bg7 6. Be3 Rb8 7. Qd2 b5 8. h4 b4
9. Nd1 Nf6 10. Bh6 Bxh6 11. Qxh6 Nd4 12. Qd2 Ba6 13. c3 bxc3 14. bxc3 Nc6 15.
f4 Qb6 16. Ne2 Qb5 17. c4 Qb6 18. O-O O-O 19. Bf3 Bc8 20. Ndc3 Bd7 21. Nd5 Nxd5
22. exd5 Nd4 23. Nxd4 cxd4 24. Rf2 Rb7 25. Re1 Ba4 26. f5 Rfb8 27. fxg6 fxg6
28. Qh6 Rf8 29. Ref1 Rbb8 30. h5 Be8 31. Be4 Rxf2 32. Rxf2 Bf7 33. hxg6 hxg6
34. Bxg6 Bxg6 35. Qxg6+ Kh8 36. Rh2# 1-0

[Event "NK Jeugd A meisjes"]
[Site "Venlo"]
[Date "2009.04.26"]
[Round "3"]
[White "Hortensius, Lisa"]
[Black "Munnik, Talitha"]
[Result "0-1"]
[WhiteElo "1978"]
[BlackElo "2056"]
[PlyCount "152"]
[EventDate "2009.04.24"]
[EventType "tourn"]
[EventRounds "9"]
[EventCountry "NED"]
[SourceDate "2009.04.25"]

1. e4 c5 2. Nf3 d6 3. d4 cxd4 4. Nxd4 Nf6 5. Nc3 a6 6. Bc4 e6 7. Bb3 b5 8. Bg5
Be7 9. Qf3 Qc7 10. Bxf6 Bxf6 11. O-O-O O-O 12. e5 Bg5+ 13. Kb1 d5 14. h4 Be7
15. Bxd5 Ra7 16. Ndxb5 axb5 17. Nxb5 Qa5 18. Nxa7 Qxa7 19. Bb3 Nd7 20. Qg3 Nc5
21. Qe3 Qa6 22. Rd4 Bb7 23. Rg4 Ra8 24. h5 Qa5 25. Bc4 Bc6 26. f3 Rb8 27. Bb3
Ra8 28. Bc4 Nd7 29. f4 h6 30. Rd1 Nb6 31. Bb3 Nd5 32. Qe1 Qa7 33. Qg3 Bf8 34.
Re1 Nb4 35. a3 Kh8 36. Qe3 Bc5 37. Qe2 Nd5 38. Bxd5 Bxd5 39. Qd3 Qb6 40. Kc1
Rb8 41. b4 Bf2 42. Re2 Rd8 43. c4 Bc6 44. Qc2 Qd4 45. Kb1 Be3 46. Ka2 Be4 47.
f5 exf5 48. Rh4 Bg5 49. Rhxe4 fxe4 50. Rxe4 Qa7 51. Re2 Be3 52. c5 Bg5 53. Qb3
Qc7 54. Qc2 Qc6 55. Qc4 Rd5 56. Kb3 Qe6 57. Rc2 Qxe5 58. c6 Rd4 59. Qc5 Qe6+
60. Ka4 Rd8 61. Qc4 Ra8+ 62. Kb3 Qe3+ 63. Qc3 Qa7 64. Ka2 Bf6 65. Qd3 Qg1 66.
Kb3 Qb1+ 67. Kc4 Qe1 68. Kb3 Qa1 69. Ra2 Qe5 70. Rc2 Rd8 71. Qc4 Qe3+ 72. Ka4
Ra8+ 73. Kb5 Qxa3 74. Kc5 Qa7+ 75. Kd5 Rd8+ 76. Ke4 Rd4+ 0-1

[Event "NK Jeugd A meisjes"]
[Site "Venlo"]
[Date "2009.04.26"]
[Round "3"]
[White "Brandenburg, Lucia"]
[Black "Dirksen, Marieke"]
[Result "1/2-1/2"]
[WhiteElo "1925"]
[BlackElo "1919"]
[PlyCount "109"]
[EventDate "2009.04.24"]
[EventType "tourn"]
[EventRounds "9"]
[EventCountry "NED"]
[SourceDate "2009.04.25"]

1. e4 c5 2. c3 Nf6 3. e5 Nd5 4. d4 cxd4 5. cxd4 e6 6. Nf3 d6 7. Bc4 Bd7 8. O-O
Bc6 9. Qe2 Nd7 10. Re1 dxe5 11. Nxe5 Nxe5 12. Qxe5 Qd6 13. Qe2 O-O-O 14. Na3 a6
15. Be3 Nxe3 16. fxe3 Kb8 17. Rad1 Qc7 18. e4 Rxd4 19. Rxd4 Bc5 20. Kh1 Bxd4
21. Nc2 Be5 22. h3 Rd8 23. Bd3 Qe7 24. Rc1 Qg5 25. Ne3 Qg3 26. Ng4 Bf4 27. Rc3
Qh4 28. Qf2 Qxf2 29. Nxf2 Bg3 30. Kg1 Bxf2+ 31. Kxf2 e5 32. Ke3 Kc7 33. b4 Kd6
34. Rc5 b6 35. Rc1 Bb7 36. Rd1 Ke7 37. Rd2 Rd4 38. Rb2 f6 39. a3 Rd7 40. a4 Rc7
41. Kd2 g6 42. g4 Kf7 43. Rb1 Kg7 44. Rf1 Bc8 45. Rf3 Rd7 46. Kc3 Rc7+ 47. Kd2
Bd7 48. Bxa6 Bxa4 49. Bd3 Bd7 50. Rf1 Rc6 51. Ra1 Rd6 52. Ra7 Kh6 53. Ke3 Be6
54. Rb7 Bd7 55. Rb8 1/2-1/2

[Event "NK Jeugd A meisjes"]
[Site "Venlo"]
[Date "2009.04.26"]
[Round "3"]
[White "Vlaar, Shannon"]
[Black "Harezlak, Mariko"]
[Result "1/2-1/2"]
[WhiteElo "1707"]
[BlackElo "1788"]
[PlyCount "55"]
[EventDate "2009.04.24"]
[EventType "tourn"]
[EventRounds "9"]
[EventCountry "NED"]
[SourceDate "2009.04.25"]

1. Nc3 Nf6 2. e4 d6 3. d4 Nbd7 4. Bc4 Nb6 5. Bb3 g6 6. Nge2 Bg7 7. O-O O-O 8.
Be3 Kh8 9. Qd2 Ng4 10. Ng3 Nxe3 11. fxe3 e6 12. Rf3 d5 13. Qf2 Kg8 14. Rd1 c6
15. exd5 exd5 16. h3 Be6 17. e4 Rc8 18. Nce2 dxe4 19. Nxe4 Bxb3 20. Rxb3 c5 21.
Rbd3 c4 22. Rf3 f5 23. N4c3 a6 24. Nf4 Re8 25. Re3 Rxe3 26. Qxe3 Qe8 27. Qxe8+
Rxe8 28. Kf2 1/2-1/2

[Event "NK Jeugd A meisjes"]
[Site "Venlo"]
[Date "2009.04.27"]
[Round "4"]
[White "Braggaar, Leonore"]
[Black "Harezlak, Mariko"]
[Result "1-0"]
[WhiteElo "2030"]
[BlackElo "1788"]
[PlyCount "57"]
[EventDate "2009.04.24"]
[EventType "tourn"]
[EventRounds "9"]
[EventCountry "NED"]
[SourceDate "2009.04.25"]

1. e4 c5 2. Nf3 e6 3. d4 cxd4 4. Nxd4 Nc6 5. Nc3 Qc7 6. Be2 Nf6 7. O-O a6 8.
Be3 Bb4 9. Na4 Be7 10. Nxc6 bxc6 11. Nb6 Rb8 12. Nxc8 Qxc8 13. Bd4 c5 14. Be5
Rb6 15. b3 O-O 16. Bd3 d6 17. Bc3 Qc6 18. Qf3 d5 19. exd5 Qxd5 20. Qg3 Qh5 21.
f4 Qg4 22. Qf2 Nd5 23. Bb2 Rc8 24. Bc4 g6 25. Rad1 Qh5 26. Rd3 Bd6 27. Rh3 Qf5
28. Qh4 h5 29. Bd3 1-0

[Event "NK Jeugd A meisjes"]
[Site "Venlo"]
[Date "2009.04.27"]
[Round "4"]
[White "Dirksen, Marieke"]
[Black "Vlaar, Shannon"]
[Result "1-0"]
[WhiteElo "1919"]
[BlackElo "1707"]
[PlyCount "153"]
[EventDate "2009.04.24"]
[EventType "tourn"]
[EventRounds "9"]
[EventCountry "NED"]
[SourceDate "2009.04.25"]

1. e4 e5 2. Nf3 Nc6 3. Bb5 a6 4. Ba4 Nf6 5. O-O b5 6. Bb3 Na5 7. Nxe5 Nxb3 8.
axb3 Be7 9. d3 O-O 10. Nf3 Bb7 11. Re1 c5 12. Nbd2 Rc8 13. c4 Nh5 14. Ng5 Nf4
15. Ndf3 Bxg5 16. Nxg5 Qxg5 17. Qf3 Qxg2+ 18. Qxg2 Nxg2 19. Kxg2 f5 20. f3 f4
21. Kf2 Rf6 22. Rg1 h6 23. Rg4 Rcf8 24. Ra5 bxc4 25. bxc4 d6 26. Bd2 Bc8 27.
Rg1 R6f7 28. Bc3 Kh7 29. h4 g6 30. Ra3 Rb7 31. Rxa6 Rxb2+ 32. Bxb2 Bxa6 33. Ra1
Bb7 34. Ra7 Rf7 35. e5 dxe5 36. Bxe5 Bd5 37. Rxf7+ Bxf7 38. Bxf4 Kg7 39. Be5+
Kf8 40. Bd6+ Ke8 41. Bxc5 Kd7 42. Bf8 h5 43. Ke3 Ke6 44. Ke4 Kf6 45. Bh6 Ke6
46. Bf4 Kf6 47. Be5+ Ke7 48. Kd4 Ke6 49. Bf4 Kf5 50. Bg5 Ke6 51. Kc3 Kd6 52. d4
Kc6 53. d5+ Kc5 54. Be7+ Kb6 55. Kd4 Kc7 56. c5 Kd7 57. Bg5 Be8 58. Bf4 Bf7 59.
c6+ Kc8 60. Kc5 Kd8 61. d6 Be6 62. d7 Bxd7 63. cxd7 Kxd7 64. Kd5 Ke7 65. Bg5+
Kf7 66. Kd6 Kg8 67. Ke6 Kg7 68. Bc1 g5 69. Bxg5 Kg6 70. f4 Kg7 71. f5 Kg8 72.
f6 Kf8 73. Bh6+ Kg8 74. f7+ Kh7 75. Kf6 Kxh6 76. f8=Q+ Kh7 77. Qg7# 1-0

[Event "NK Jeugd A meisjes"]
[Site "Venlo"]
[Date "2009.04.27"]
[Round "4"]
[White "Ferrier, Yvonne"]
[Black "Hortensius, Lisa"]
[Result "0-1"]
[WhiteElo "1843"]
[BlackElo "1978"]
[PlyCount "104"]
[EventDate "2009.04.24"]
[EventType "tourn"]
[EventRounds "9"]
[EventCountry "NED"]
[SourceDate "2009.04.25"]

1. e4 e6 2. d4 d5 3. Bd3 c5 4. c3 cxd4 5. cxd4 dxe4 6. Bxe4 Nf6 7. Bc2 Bd7 8.
Nc3 Bc6 9. Nf3 Be7 10. O-O O-O 11. Ne5 Bd5 12. Qd3 Nc6 13. Bg5 Nb4 14. Qd2 Nxc2
15. Qxc2 Rc8 16. Qd3 b6 17. Nxd5 Nxd5 18. Bxe7 Qxe7 19. a3 Rc7 20. Rac1 Rfc8
21. Qd2 Nf6 22. Rfe1 Qd6 23. Rxc7 Qxc7 24. h3 h6 25. Rd1 Qc2 26. f3 Qxd2 27.
Rxd2 Nd5 28. Kf2 Kf8 29. Ng4 Ke7 30. Ke2 f6 31. Kd3 h5 32. Ne3 Nxe3 33. Kxe3
Kd6 34. Ke4 Rc4 35. Re2 Rc1 36. Rd2 g6 37. Kd3 Kd5 38. Ke3 Re1+ 39. Kd3 Rc1 40.
Ke3 Rc4 41. f4 h4 42. b3 Rc3+ 43. Rd3 Rxd3+ 44. Kxd3 b5 45. a4 b4 46. Ke3 e5
47. dxe5 fxe5 48. fxe5 Kxe5 49. Kd3 Kf4 50. Ke2 Ke4 51. Kd2 Kd4 52. a5 a6 0-1

[Event "NK Jeugd A meisjes"]
[Site "Venlo"]
[Date "2009.04.27"]
[Round "4"]
[White "Munnik, Talitha"]
[Black "Brandenburg, Lucia"]
[Result "1/2-1/2"]
[WhiteElo "2056"]
[BlackElo "1925"]
[PlyCount "115"]
[EventDate "2009.04.24"]
[EventType "tourn"]
[EventRounds "9"]
[EventCountry "NED"]
[SourceDate "2009.04.25"]

1. e4 c5 2. Nf3 e6 3. d4 cxd4 4. Nxd4 Nc6 5. c4 Nf6 6. Nc3 Bb4 7. Nxc6 dxc6 8.
Qxd8+ Kxd8 9. f3 e5 10. Be3 Ke7 11. O-O-O Rd8 12. Rxd8 Kxd8 13. Be2 Bxc3 14.
bxc3 b6 15. c5 Kc7 16. Bc4 Nd7 17. cxb6+ axb6 18. Bxf7 Ra5 19. Be6 Nc5 20. Bxc8
Kxc8 21. Kb1 Rb5+ 22. Kc2 Na4 23. Rb1 Rxb1 24. Kxb1 Nxc3+ 25. Kc2 Na4 26. Kb3
b5 27. Kb4 Kd7 28. Ba7 Kc7 29. g3 Nb2 30. Be3 Nc4 31. Bc1 Kb6 32. a4 c5+ 33.
Kc3 Nd6 34. axb5 Kxb5 35. Bg5 Kc6 36. Be7 Nb5+ 37. Kd3 Nc7 38. f4 exf4 39. gxf4
Ne6 40. f5 Kd7 41. Bh4 Nd4 42. Bg3 Nf3 43. Bf4 g6 44. f6 Ke6 45. e5 g5 46. Ke4
g4 47. h3 h5 48. hxg4 hxg4 49. Bg3 c4 50. Ke3 Ng5 51. Kf4 Nh7 52. f7 Kxf7 53.
Kf5 Nf8 54. Be1 Ne6 55. Kxg4 Nd4 56. Bc3 Nb5 57. Bd2 Ke6 58. Kf4 1/2-1/2

[Event "NK Jeugd A meisjes"]
[Site "Venlo"]
[Date "2009.04.27"]
[Round "4"]
[White "Van Nies, Pauline"]
[Black "De Cloet, Jeanine"]
[Result "1-0"]
[WhiteElo "2143"]
[BlackElo "1970"]
[PlyCount "81"]
[EventDate "2009.04.24"]
[EventType "tourn"]
[EventRounds "9"]
[EventCountry "NED"]
[SourceDate "2009.04.25"]

1. e4 c5 2. Nf3 e6 3. d4 cxd4 4. Nxd4 Nc6 5. Nc3 Qc7 6. Ndb5 Qb8 7. Be3 Nf6 8.
f4 d6 9. Qf3 a6 10. Nd4 h5 11. O-O-O e5 12. Nf5 b5 13. Qg3 g6 14. fxe5 dxe5 15.
Bg5 Nh7 16. Ne3 Nxg5 17. Qxg5 Bh6 18. Qg3 Qa7 19. Re1 O-O 20. Kb1 Bf4 21. Qf2
Ne7 22. g3 Bh6 23. Bg2 b4 24. Ncd5 Nxd5 25. exd5 f5 26. Rhf1 Bd7 27. d6 e4 28.
Qd2 Be6 29. Qe2 Qc5 30. h3 a5 31. g4 a4 32. gxf5 Bxa2+ 33. Kxa2 b3+ 34. Ka1
Qxd6 35. Bxe4 a3 36. Bxa8 Bg7 37. Qc4+ Kh8 38. f6 Rxf6 39. Rxf6 Bxf6 40. Qxb3
Qa6 41. Qb8+ 1-0

[Event "NK Jeugd A meisjes"]
[Site "Venlo"]
[Date "2009.04.28"]
[Round "5"]
[White "Brandenburg, Lucia"]
[Black "Ferrier, Yvonne"]
[Result "1-0"]
[WhiteElo "1925"]
[BlackElo "1843"]
[PlyCount "97"]
[EventDate "2009.04.24"]
[EventType "tourn"]
[EventRounds "9"]
[EventCountry "NED"]
[SourceDate "2009.04.25"]

1. e4 c5 2. c3 d5 3. exd5 Qxd5 4. d4 e6 5. Nf3 Nf6 6. Na3 Nc6 7. Nc2 Be7 8. Be2
O-O 9. O-O b6 10. Re1 Bb7 11. Be3 cxd4 12. Ncxd4 Ng4 13. Nxc6 Qxc6 14. Bf4 Bc5
15. Bg3 Rad8 16. Qc2 Rd7 17. Nh4 Nf6 18. Bf3 Qc8 19. Be5 Bxf3 20. Nxf3 Ng4 21.
Bg3 Rfd8 22. Rad1 h6 23. h3 Nf6 24. Ne5 Rd5 25. Rxd5 Rxd5 26. Qa4 b5 27. Qb3 a6
28. Rd1 Qd8 29. Rxd5 Nxd5 30. c4 bxc4 31. Qxc4 Qa5 32. Kh2 Nf6 33. Nd3 Be7 34.
Qc8+ Kh7 35. Qb7 Nd5 36. a3 Qa4 37. Ne5 f6 38. Nc6 Bc5 39. Nd8 Qe8 40. Nc6 Nb6
41. b4 Bxf2 42. Bxf2 Nd5 43. Qxa6 Qg6 44. Qe2 Nf4 45. Qg4 Qe4 46. Qf3 Qf5 47.
Ne7 Qg5 48. Qg4 Qe5 49. Bg3 1-0

[Event "NK Jeugd A meisjes"]
[Site "Venlo"]
[Date "2009.04.28"]
[Round "5"]
[White "De Cloet, Jeanine"]
[Black "Braggaar, Leonore"]
[Result "1/2-1/2"]
[WhiteElo "1970"]
[BlackElo "2030"]
[PlyCount "41"]
[EventDate "2009.04.24"]
[EventType "tourn"]
[EventRounds "9"]
[EventCountry "NED"]
[SourceDate "2009.04.25"]

1. e4 e5 2. Nf3 Nc6 3. Bb5 a6 4. Ba4 d6 5. O-O Bd7 6. c3 Nge7 7. Bb3 Ng6 8. d4
Be7 9. h3 O-O 10. a4 Kh8 11. d5 Nb8 12. Bc2 c6 13. c4 f5 14. c5 cxd5 15. exf5
Bxf5 16. Bxf5 Rxf5 17. Qxd5 Nc6 18. cxd6 Qxd6 19. Nc3 Raf8 20. Qxd6 Bxd6 21.
Ng5 1/2-1/2

[Event "NK Jeugd A meisjes"]
[Site "Venlo"]
[Date "2009.04.28"]
[Round "5"]
[White "Harezlak, Mariko"]
[Black "Dirksen, Marieke"]
[Result "1/2-1/2"]
[WhiteElo "1788"]
[BlackElo "1919"]
[PlyCount "54"]
[EventDate "2009.04.24"]
[EventType "tourn"]
[EventRounds "9"]
[EventCountry "NED"]
[SourceDate "2009.04.25"]

1. d4 f5 2. c4 d6 3. Nc3 Nf6 4. g3 g6 5. Bg2 Bg7 6. Nf3 O-O 7. O-O Qe8 8. d5 a5
9. Re1 Na6 10. e4 fxe4 11. Nxe4 Nxe4 12. Rxe4 Nc5 13. Rh4 Bf5 14. Nd4 Bd7 15.
Rf4 Rxf4 16. Bxf4 Kh8 17. Qd2 Qf7 18. Re1 Rf8 19. b3 b6 20. Re2 Qf6 21. Be3 Re8
22. Nc2 e5 23. Bxc5 dxc5 24. Ne3 Bh6 25. a3 Kg7 26. Qe1 Kg8 27. h3 Bg7 1/2-1/2

[Event "NK Jeugd A meisjes"]
[Site "Venlo"]
[Date "2009.04.28"]
[Round "5"]
[White "Hortensius, Lisa"]
[Black "Van Nies, Pauline"]
[Result "1/2-1/2"]
[WhiteElo "1978"]
[BlackElo "2143"]
[PlyCount "55"]
[EventDate "2009.04.24"]
[EventType "tourn"]
[EventRounds "9"]
[EventCountry "NED"]
[SourceDate "2009.04.25"]

1. e4 c5 2. Nf3 Nc6 3. d4 cxd4 4. Nxd4 Nf6 5. Nc3 d6 6. Bc4 Na5 7. Be2 g6 8.
Be3 Bg7 9. O-O O-O 10. f4 Nc6 11. Qd2 Bd7 12. Rad1 Ng4 13. Nxc6 bxc6 14. Bd4
Bxd4+ 15. Qxd4 Qb6 16. Qxb6 axb6 17. Rd3 Nf6 18. Bf3 Ra7 19. Rfd1 Be6 20. a3
Nd7 21. Ne2 c5 22. Nc3 Bc4 23. R3d2 Be6 24. Nb5 Ra5 25. Nc7 Ra7 26. Nb5 Ra5 27.
Nc7 Ra7 28. Nb5 1/2-1/2